000 00325nam a22001337a 4500
008 170130b xxu||||| |||| 00| 0 eng d
020 _a2900781795943
041 _aeng
080 _25TH
_a61
100 _a2
101 _aINF
245 _aLEADERSHIP ROLES AND MANAGEMENT FUNCTIONS IN NURSING
_cMARQUIS, B.L
942 _2udc
_cBK
999 _c3985
_d3985